00579nam a2200169Ia 4500003000900000008004100009020001800050040001600068080001700084245010100101260005000202300001600252490004100268650001400309650002100323700006500344IN-BaIIA211028s9999 xx 000 0 eng d a1-56396-965-3 cIIA Library a524.834bPAR 0aParticle physics and cosmologycedited by Jose F. Nieves  aMelvillebAmerican Institute of Physicsc2000 aviii, 381p. aAIP conference proceedings; vol. 540 aCosmology aParticle physics aNieves, Jose F., ed.